000 00388 a2200145 4500
005 20250621093257.0
020 _a0-312-23455-4
082 _a330.973 CAR
100 _aCARSON, B. R.
245 _aEconomic Issues Today: Alternative Approaches.
250 _a4th Ed.
260 _aNew York,
_bSt Martin's Press,
_c1987.
300 _ax, 386p.: ill.; figure,
_bIndex
_c21cm
942 _2ddc
_cBKS
999 _c476
_d476